[Event "FIDE-Wch k.o."]
[Site "New Delhi/Teheran"]
[Date "2000.12.01"]
[Round "2.2"]
[White "Georgiev, Kiril"]
[Black "Nisipeanu, Liviu Dieter"]
[Result "1/2-1/2"]
[WhiteElo "2661"]
[BlackElo "2592"]
[Annotator "Rabinovich,Al"]
[PlyCount "110"]
[EventDate "2000.11.27"]
[EventType "k.o."]
[EventRounds "7"]
[EventCountry "IND"]
[SourceTitle "CBM 081"]
[Source "ChessBase"]
[SourceDate "2001.03.20"]
[SourceVersion "1"]
[SourceVersionDate "2001.03.20"]
[SourceQuality "1"]

1. d4 {Hecht} Nf6 2. c4 e6 3. Nf3 b6 4. g3 Ba6 5. b3 (5. Nbd2 Bb4 6. Qc2 Bb7 7.
Bg2 Be4 8. Qb3 Bxd2+ 9. Bxd2 O-O 10. O-O d6 11. Rfd1 Nbd7 12. Rac1 h6 13. Bh3
Re8 14. Be3 a5 15. Nd2 Bb7 16. Nf1 a4 17. Qc2 Qe7 18. f3 c5 19. Bf2 Rec8 20.
Qd2 d5 21. dxc5 bxc5 22. cxd5 Bxd5 23. Ra1 $14 {[%csl Rc5] 1-0 Nikolic,P-Adams,
M/Wijk aan Zee NED 2000/The Week in Chess 273 (45)}) 5... Bb7 (5... Bb4+ 6. Bd2
Bxd2+ 7. Qxd2 c6 8. Qc2 d5 9. Nbd2 Nbd7 10. Bg2 c5 11. O-O O-O 12. e4 cxd4 13.
exd5 exd5 14. Nxd4 Rc8 15. Rfe1 g6 16. Rac1 b5 {1-0 Gelfand,B-Psakhis,L/Haifa
ISR 2000 (37) It seems like black has no problems. This line is a good
alternative for line which was played in the game.}) 6. Bg2 Bb4+ 7. Bd2 a5 8.
O-O O-O 9. Nc3 (9. Qc2 Be4 10. Qb2 c6 11. Bf4 Be7 12. Nc3 d5 13. Nxe4 Nxe4 14.
Ne5 {[%csl Gf4,Gg2] 1/2-1/2 Adianto,U-Barus,C/Vung Tau VIE 2000/The Week in
Chess 290 (35) White has a very promissing position. In addition to pare of
bishops,white has a better pieces development and black pawn structure is a
bit weak.}) 9... d6 (9... d5 10. cxd5 exd5 11. a3 Be7 12. Qc2 c5 13. Rfd1 Nbd7
14. Bf4 Rc8 15. dxc5 bxc5 16. Ne5 {1-0 Polovodin,I-Pavlov,A/St Petersburg RUS
2000 (36) White position is better since black weaknesses on d5 and a5 .}) 10.
Qc2 Nbd7 11. Rfd1 {This position is very tricky.Usually white tries to promote
e4 by playing 11.Rfe1 after what black exchanges his dark square B on c3 and
position arising is complicated,since black plays on queenside and white in
the center.The idea played by white in the game is probably harmless for black:
White wants to exchange his dark square B on black's one. Black succeds to
push e5 and solves all opening problems (if they where at all)?!} Re8 12. Nb5
Bxd2 13. Nxd2 Bxg2 14. Kxg2 e5 $11 15. Nf1 {[%cal Gf1e3,Ge3f5,Ge3d5]} (15. d5
Nc5 16. e4 {[%cal Ga2a3,Gb3b4] Might give white some chances for advantage.})
15... Nf8 16. e4 $6 {A little bit optimistic decition,the P on e4 will be a
reason for white headaches.} (16. Ne3 $142) (16. d5 {Still a possibility.})
16... exd4 {[%cal Ge8e4]} 17. Rxd4 Ne6 18. Rd2 Nc5 {[%csl Re4]} (18... Qd7 $1 {
[%cal Ge6g5,Gd7h3]}) 19. f3 {[%tqu "En","Find a god continuation for black","",
"","g7g5","Very brave positional decition.Black attackes the P on f3 by this
weaking important e4 square.",10]} g5 {[%cal Gg5g4] Very brave positional
decition.Black attackes the P on f3 by this weaking important e4 square.} 20.
h3 h5 21. g4 (21. Qb2 {[%cal Gb5c7]} g4 22. Nxc7 gxf3+ 23. Kh1 Qxc7 24. Qxf6
Nxe4 {[%cal Ge4f6,Ge4d2]}) 21... Ne6 22. Ng3 Nf4+ 23. Kh2 Nd7 $6 {May be it
was better to take on g4 first. Black gave up the pawn for initiative,but
white pieces are capble of defending very well.The rooks and the queen disable
black pressure very fast.} (23... hxg4 24. hxg4 Nd7 25. Nf5 Ne5 26. Rf1 Re6 $15
) 24. Nxh5 $5 Nxh5 25. gxh5 Qf6 {[%cal Gf6f3,Gf6a1]} 26. Rg1 (26. Rf1 {[%cal
Gd2g2]}) 26... Ne5 27. Rf2 (27. Nxc7 $5 Nxf3+ 28. Kh1 Nxg1 29. Kxg1 Rac8 30.
Nxe8 Rxe8 31. Rd5 {Black initiative is about to finish and white has more
material. Black has to look for escaping.}) 27... Qf4+ 28. Rg3 Rac8 (28... Re7
{[%cal Gd4f5]} 29. Nd4 {[%cal Gd4f5,Gd4e2]}) 29. Kg2 $1 {Good profilactic move.
} Kh7 {[%cal Ge8g8]} 30. Nc3 {[%cal Gc3d5,Gc3e2] White brings the N to the
kingside.} c6 {[%csl Rd6] Important move. Black can't let white N to enter the
d5 square.The price which black pays for it is a weak pawn on d6.} 31. Ne2 Qh4
32. Qd2 Qxh5 33. Qxd6 (33. Qxg5 $5 Qxg5 34. Rxg5 Rg8 35. Rxg8 Rxg8+ 36. Ng3 {
White is a pawn up.}) 33... Re6 34. Qd2 (34. Qd4 {[%cal Gd4b6]} Rg8 $6 (34...
c5 $142) 35. Qxb6 Nd3 36. Qxa5 Nxf2 37. Nf4 $1 $18) 34... Rg8 35. f4 (35. Nd4
Rd6 36. Qe3 c5 37. Nf5 Rd3 $44) 35... gxf4 36. Qxf4 Rxg3+ (36... Reg6 37. Qf5
$16) 37. Nxg3 Rg6 38. Kh2 (38. Qf5 $16) 38... Qg5 39. Qxg5 Rxg5 40. Rf5 Rxf5
41. Nxf5 {Hecht: '[#] Nach indirektem Bauerntausch erhält der schwarze
Springer eine dominierende Position auf c5, von wo aus er fast das gesamte
Brett kontrolliert. Der entfernte weiße Freibauer wird so kompensiert.'} Nd3 {
[%cal Gd3c1] White eventually got an extra pawn in the ending. But it is not
easy to win . Black attackes white pawns and then places his knight on good
square what gives him good surviving chances.} 42. Ne7 Nc1 43. Nxc6 Nxa2 44.
Kg3 Nc1 {[%cal Gc1d3,Gd3c5,Gc5b3,Gc5e4]} 45. Nd4 Nd3 46. Kf3 Kg6 47. Ke3 Nc5
48. Kf4 f6 {'!' Hecht. Black placed his pieces best,white tries to give up the
h P and activate the K , but black's defence is good enough to hold the draw.}
(48... Nd3+ {Hecht} 49. Ke3 Nc5 50. e5 Kg5 51. Kf3 Kh4 52. Kg2 Nd3 53. Nf3+ Kh5
54. Kg3 Nc5 55. Nd4 $14) 49. h4 (49. e5 {Hecht} Nd3+ 50. Ke4 Nxe5 51. Nf3 Nd7
52. Kd5 Nc5 53. Nd2 a4 54. bxa4 ({Riskant ist} 54. b4 $6 Nd3 55. Kc6 a3 56. Nb3
Nxb4+ 57. Kxb6 a2 58. Kc5 Nc2 59. Kd5 Kg5 60. c5 f5 {und nun einige Beispiele
für die Wendigkeit des schwarzen Springers, gegenüber dem der weiße Ritter
verblasst.} 61. Ke5 $5 (61. h4+ Kxh4 62. Ke5 Kg4 63. c6 Nb4 64. c7 Nc6+ 65. Kd6
Na7 $19) (61. Kc4 f4 62. c6 f3 63. c7 f2 64. c8=Q f1=Q+ 65. Kc3 $11) 61... Nb4
62. h4+ Kg4 63. h5 Nc6+ 64. Kd6 (64. Kf6 Kxh5 65. Kxf5 Nd4+ $19) 64... Na5)
54... Nxa4 $11) 49... Kh5 50. Kf5 Kxh4 51. Kxf6 Nxe4+ 52. Ke5 Nd2 53. Kd5 Kg4
54. Kc6 a4 55. bxa4 Nxc4 1/2-1/2

[Event "Santo Antonio 4th"]
[Site "Santo Antonio"]
[Date "2001.05.20"]
[Round "2"]
[White "Dias, Paulo Jorge Guimara"]
[Black "Chandler, Murray G"]
[Result "0-1"]
[WhiteElo "2326"]
[BlackElo "2529"]
[Annotator "Rabinovich,Al"]
[PlyCount "58"]
[EventDate "2001.05.19"]
[EventType "tourn"]
[EventRounds "9"]
[EventCountry "POR"]
[EventCategory "9"]
[SourceTitle "CBM 084"]
[Source "ChessBase"]
[SourceDate "2001.09.13"]
[SourceVersion "1"]
[SourceVersionDate "2001.09.13"]
[SourceQuality "1"]

{[%mdl 8192]} 1. d4 Nf6 2. c4 e6 3. Nf3 b6 4. g3 Ba6 5. Qa4 Bb7 6. Bg2 c5 7.
dxc5 bxc5 (7... Bxc5 $5 8. O-O (8. Nc3 O-O 9. O-O Be7 10. Rd1 Na6 11. Be3 Qc8
12. Rac1 Nc5 13. Qc2 Nce4 14. Bd4 Nxc3 15. Qxc3 Be4 16. Ng5 Bxg2 17. Qd3 $1 $14
{1-0 Sturua,Z-Gershon,A/Anibal Open ESP 2001/The Week in Chess 323 (64)}) 8...
O-O 9. b4 Be7 10. Bb2 a5 11. b5 d6 $15 {[%csl Rc5][%cal Gb8d7,Gd7c5] 0-1 Len,
I-Lakos,N/Tel Aviv ISR 2001/The Week in Chess 330 (40)}) 8. Nc3 Be7 9. O-O O-O
10. Rd1 d6 (10... a6 11. Bf4 d6 12. Rab1 h6 13. b4 Bc6 14. Qb3 cxb4 15. Qxb4 e5
16. c5 $36 {1-0 Piket,J-Sokolov,A/Ohrid MKD 2001/The Week in Chess 345 (43)})
11. Bf4 Qb6 12. Rab1 (12. Rd2 $5 {[%csl Rd6][%cal Ga1d1]}) (12. Qb5 $5 Rd8 13.
Rd2 Qc7 14. Rad1 a6 15. Qa4 h6 $11 {1/2-1/2 Van de Mortel,J-Adams,M/Leeuwarden
NED 2000/The Week in Chess 283 (30)}) 12... Nbd7 (12... Na6 13. a3 (13. Nb5 d5
14. Ne5 d4 15. Bxb7 Qxb7 16. e3 dxe3 17. Bxe3 h6 18. a3 Rfc8 19. Bf4 g5 20. Bd2
Nc7 21. Nxc7 Rxc7 22. Ba5 $14 {[%csl Rg5,Rg8,Rh6] 1/2-1/2 Pelletier,Y-Alterman,
B/Elista 1998/CBM 66 ext (58)}) 13... Rac8 14. Qc2 Rfd8 15. e4 h6 16. Qe2 Bc6 (
16... Nb8 17. e5 dxe5 18. Nxe5 Bxg2 19. Kxg2 Nc6 20. Nxc6 Qxc6+ 21. Qf3 Rd4 22.
b3 $14 {1-0 Nikolic,P-Volke,K/Germany 1999/GER-chT (58)}) 17. e5 dxe5 18. Nxe5
Bxg2 19. Kxg2 Nb8 20. h4 Nc6 21. Nxc6 Qxc6+ 22. Qf3 $14 {0-1 Piket,J-Gelfand,B/
Monte Carlo 1999/CBM 69 ext (39)}) 13. Rd2 Rfd8 14. Rbd1 Nf8 15. h3 $6 {
White can't find the right plan and makes really unnessasary moves.Much better
was 15.Qb5} (15. Qb5 {The typical move in this pawn structure.} Qc7 (15... Ne4
16. Nxe4 Bxe4 17. Qxb6 (17. Bxd6 $1 Bxd6 18. Qxb6 axb6 19. Rxd6 Rxd6 20. Rxd6
Rxa2 21. Rxb6 $16) 17... axb6 18. a3 e5 (18... d5 19. Ne5 Bxg2 20. Kxg2 dxc4
21. Nxc4 Rxd2 22. Rxd2 b5 23. Nd6 $14) 19. Be3 Ne6 20. Nh4 Bxg2 21. Nf5 $14)
16. Qb3 a6 17. Qc2 {[%cal Ge2e4]}) 15... Ng6 16. Be3 h6 {[%csl Re3,Rf3,Rg2]
Suddenly white pieces find themselves placed not very well.} 17. Qc2 Bc6 $15 {
[%cal Ga8b8,Gb6b7]} 18. Ne1 Rac8 19. b3 Qb7 20. Na4 $4 {Blonder,which looses
by force.} (20. Bxc6 Qxc6 21. Ng2 {[%cal Gg2f4]} a6 {[%cal Gd6d5]} 22. Nf4 $6 (
22. f3 d5 23. cxd5 exd5 24. Bf2 d4 25. Na4 Qe6 $15 {[%csl Rg3,Rh3]}) 22... Nxf4
23. Bxf4 g5 24. Be3 d5 25. cxd5 exd5 {[%cal Gd5d4]}) 20... Bxg2 21. Nxg2 Ne4
22. Nc3 (22. Rd3 Ne5) 22... Nxd2 23. Qxd2 Bf6 {Preparing the best way to push
d5.} 24. Qd3 $6 Ne5 25. Qc2 d5 $19 26. cxd5 exd5 27. Bc1 (27. Bf4 $142) 27...
c4 28. Qf5 $6 cxb3 29. Nxd5 $4 {Another blonder,which finishes immediatly the
game.} Rxd5 {White probably missed that after 30.Rd5 black has Rc1+.} 0-1

[Event "SWE-ch"]
[Site "Linkoping"]
[Date "2001.07.10"]
[Round "10"]
[White "Barkhagen, Jonas"]
[Black "Agrest, Evgenij"]
[Result "0-1"]
[WhiteElo "2456"]
[BlackElo "2532"]
[Annotator "Rabinovich,Al"]
[PlyCount "80"]
[EventDate "2001.06.30"]
[EventType "tourn"]
[EventRounds "13"]
[EventCountry "SWE"]
[EventCategory "8"]
[SourceTitle "CBM 085"]
[Source "ChessBase"]
[SourceDate "2001.11.13"]
[SourceVersion "1"]
[SourceVersionDate "2001.11.13"]
[SourceQuality "1"]

1. d4 Nf6 2. c4 e6 3. Nf3 b6 4. g3 Ba6 5. b3 b5 6. cxb5 Bxb5 7. Bg2 c5 (7...
Bb4+ 8. Bd2 a5 9. O-O O-O 10. a3 Be7 11. Nc3 Bc6 12. Qc2 d5 13. Ne5 Bb7 14. Na4
$14 {[%csl Rc7][%cal Ga4c5,Gf1c1] 1-0 Tkachiev,V-Nisipeanu,L/Naujac-sur-Mer
FRA 2000/The Week in Chess 303 (28)}) 8. O-O Bc6 9. Ba3 Na6 10. Nbd2 Be7 (10...
cxd4 11. Bxf8 Kxf8 12. Nc4 g6 13. Qxd4 Kg7 14. Nce5 Bd5 15. e4 $1 $16 {1-0 Zhu
Chen-Alexandria,N/Shanghai CHN 2001/The Week in Chess 343 (26)}) 11. dxc5 Nxc5
(11... Bxc5 $6 12. Bxc5 Nxc5 13. Rc1 Nb7 14. e4 O-O 15. Nd4 $16 {1-0 Kramnik,
V-Ivanchuk,V/Monaco MNC 2001/The Week in Chess 333 (50)}) 12. Rc1 Na6 $5 {
Interesting idea.Black is leaving himself b7 square for the bishop.} (12... Nb7
$6 {A bit passive.} 13. Bxe7 Qxe7 14. e4 $1 {[%cal Gf3d4]} Nxe4 (14... Bxe4 15.
Nxe4 Nxe4 16. Rc7 (16. Qd4 {[%cal Gd4g7,Gd4e4]} Nf6 17. Rc7 Nd6 18. Rxa7 O-O
19. Rxa8 Rxa8 20. a4 $14 {Strong pawns on queen-side should be very dangerous
in additin to white bishop on g2.On the other hand,if black will manage to
play d5 and to block the pawns with his knights,he will be o.k.}) 16... Nbc5
$13 {[%cal Ge8d8]} 17. Rxc5) 15. Nxe4 Bxe4 16. Qd4 {[%cal Gd4e4,Gd4g7]} f5 17.
Rc7 Nd6 {[%cal Gd6b5]} 18. Ne5 Rd8 19. a4 $1 $16 {[%csl Ga4,Gb3][%cal Gf1d1,
Gc7a7]}) 13. Bxe7 Qxe7 14. e4 $1 $14 O-O (14... Bxe4 $2 15. Nxe4 Nxe4 16. Nd2
d5 (16... Nxd2 17. Bxa8 $18 {[%cal Gc1c8]}) 17. Nxe4 dxe4 18. Bxe4 Rd8 19. Qh5
$16 {[%cal Ge4c6]}) (14... Nxe4 $2 15. Rxc6 Nxd2 16. Nxd2 $1 $18) 15. Qe2 Bb7 (
15... Nc5 $6 16. e5 $36 Nd5 17. Qc4 {[%cal Gf3d4]} Nb7 18. Nd4 Rac8 19. Nxc6
Rxc6 20. Qa4 Rxc1 21. Rxc1 $16) 16. e5 Nd5 (16... Ne8 17. Ne4 $32 {[%cal Gf1d1]
}) 17. Ne4 Rab8 18. Nd6 Nac7 $8 19. Nxb7 (19. Nd2 $5 {[%cal Gd2e4] The N on d6
is not letting black pieces to come into the game.So it was probably better to
leave him there.} Ba6 20. N2c4 Nb5 21. Qd2 Nxd6 22. exd6 $16) 19... Rxb7 20.
Rc4 {[%cal Gf1c1] White position is very pleasant.Black has no counterplay and
white is capble of preparing his play on queenside by doubling rooks on c-file.
} (20. Nd4 $5) 20... Rb4 $1 {Good decition.Black due to the lack in space has
to exchange one pare of rooks in reason to improve the placement of his pieces.
} 21. Rfc1 Rxc4 22. Rxc4 (22. bxc4 $6 {Although this move takes the important
d5 square from black knights,it is closes c-file and makes very comfortable
blockade square for black pieces on c5!} Nb6 23. Qd2 {[%cal Gd2a5,Gd2d6]} Rc8
$1 24. Qa5 Ncd5 25. Nd2 $6 (25. Qxa7 Rxc4 $14) 25... Qb4 $1) 22... Na8 $1 {
Black with very accurate defence almost equalized,the last move transfers the
knight to better square b6,afterwhat black pieces will have some good dark
squares:b4,c3,a3 to enter.} (22... f6 $5 23. Qc2 $14 {[%cal Gc4h4,Gc4c7,Gh4h7,
Gc2h7]}) 23. Qd3 (23. Nd4 Nab6 24. Bxd5 Nxd5 25. Qd2 $14 {[%cal Gd2a5]}) 23...
Nab6 24. Rh4 h6 (24... f5 $1 25. exf6 (25. Nd2 $13 {[%cal Gd2c4]}) 25... Nxf6
26. Ng5 h6 27. Ne4 d5 $15) 25. Bf1 $6 {White lost his way.The advantage is
probably already dissappeared,so it was better to exchange the bishop for the
knight and to try to exploi his pawn adge on queenside.} f5 26. exf6 $2 {
This is already mistake.White R is not in the game to open f-file like this.it
was better to leave the position closed.} (26. Rd4 $142 {[%cal Gf3d2,Gf1g2,
Gd2c4]}) 26... Qxf6 $15 27. Kg2 a5 $1 {Good move.Taking care of b4 square for
the knight in the future.} 28. Re4 {Not such a good square for the rook.} (28.
Rd4 $142) 28... Nb4 29. Qe2 N6d5 $1 {[%cal Gd5c3,Gc3e4,Gc3e2,Gc3a2] Black
knight party.White at least is loosing a pawn.} 30. Ne5 $2 {Loosing material.}
(30. Rc4 {The only chance to hold the position.} Nc3 31. Qe3 Nbd5 32. Qd3 Nxa2
$17) 30... Nc3 31. Nxd7 Qf5 (31... Qf7 $1 32. Qe3 Nbd5 33. Qe1 Qxd7 $19) 32.
Rf4 (32. Re5 {The same as in the game.}) 32... Nxe2 33. Rxf5 Rxf5 34. Bxe2 Rd5
$1 $19 (34... Nxa2 35. Bg4 Rb5 36. Bxe6+ Kh8 37. Bc4 Rb7 38. Nc5 {Would leave
white some chances to survive.}) 35. Nb6 Rd2 36. Bc4 Nd5 37. Bxd5 exd5 38. a3 (
38. a4 Kf7 39. Kf3 Ke6 40. Ke3 Rc2 41. Kd4 Rc6 42. Na8 Kd6 $19 {[%csl Ra8]
[%cal Gc6a6]}) 38... Rd3 39. b4 Rxa3 40. Nxd5 a4 0-1

[Event "RUS-ch 54th"]
[Site "Elista"]
[Date "2001.05.02"]
[Round "3"]
[White "Baikov, Vladimir A"]
[Black "Shariyazdanov, Andrey"]
[Result "1/2-1/2"]
[WhiteElo "2431"]
[BlackElo "2594"]
[Annotator "Rabinovich,Al"]
[PlyCount "76"]
[EventDate "2001.04.29"]
[EventType "swiss"]
[EventRounds "9"]
[EventCountry "RUS"]
[SourceTitle "CBM 083"]
[Source "ChessBase"]
[SourceDate "2001.07.05"]
[SourceVersion "1"]
[SourceVersionDate "2001.07.05"]
[SourceQuality "1"]

1. d4 Nf6 2. c4 e6 3. Nf3 b6 4. g3 Ba6 5. Qa4 Bb7 (5... Be7 $5 6. Bg2 O-O 7.
O-O c6 8. Ne5 b5 9. cxb5 cxb5 10. Qd1 d5 11. Nd2 b4 12. Re1 Qb6 13. Nb3 Nbd7
14. Bg5 $2 {0-1 Piket,J-Ivanchuk,V/Montecatini Terme ITA 2000/The Week in
Chess 299 (42)} (14. Nxd7 Nxd7 15. Bf4 $11) 14... Nxe5 $17) 6. Bg2 c5 7. O-O (
7. dxc5 {Main line.} bxc5 (7... Bxc5)) 7... cxd4 8. Nxd4 Qc8 {It is also
possible to take first on g2.} 9. Bf4 (9. Rd1 Bxg2 10. Kxg2 Be7 11. f3 O-O 12.
Nc3 d6 13. e4 a6 14. Be3 Qb7 15. Rac1 Rc8 16. Nde2 Nbd7 17. Bd4 Rab8 $11 {
[%cal Gb6b5,Gd7c5] 0-1 Mchedlishvili,M-Shariyazdanov,A/Rotterdam 1998/EXT 99 
(62)}) 9... a6 10. Nc3 Bxg2 11. Kxg2 Qb7+ 12. f3 Be7 (12... Nc6 13. Nxc6 dxc6
14. Rad1 $14 {[%cal Gf4d6]}) 13. e4 O-O 14. e5 (14. Rad1 Nc6 $132 {[%cal Gc6d4,
Gb6b5]}) 14... Nh5 15. Be3 f6 16. exf6 Nxf6 {After white played 14.e5 all last
moves where almost forced for both sides.Now the character of the position
changed.Black has a few weaknesses,but if he will finish the development it
won't be felt too much.White on the other hand should place his pieces in the
center and try to intterupt black's development. Objectivly the position is
equal.} 17. Rad1 Rc8 (17... Ng4 $5 {Was also o.k for black.} 18. Bg1 Ne5 $11 {
[%csl Rf3][%cal Gb8c6]}) (17... Nc6 18. Nxc6 dxc6 19. Rfe1 c5 20. Bg5 $14 {
[%csl Re6]}) 18. Rfe1 Nc6 19. Nxc6 Rxc6 $11 {The opening is over and black has
no problems.Black is preparing to put some pressure on c-file and to play b5.
White has no real plan,but playing against the black one should give him good
game.} 20. Bf2 (20. Bg5 Rac8 21. Bxf6 Bxf6 22. Ne4 Be7 23. Re2 b5 24. cxb5 axb5
25. Qb3 d5 $15) 20... Rac8 21. Nd5 Bd8 {Avoiding unnessary complications.} (
21... exd5 22. Rxe7 Rxc4 23. Qb3 $44 {[%csl Rb6][%cal Gf2d4]}) 22. Nxf6+ Bxf6
23. Re2 R8c7 24. b3 b5 25. cxb5 axb5 26. Qe4 Qc8 (26... b4 $5) 27. Bd4 d5 28.
Qd3 Bxd4 29. Qxd4 {On the board are left only heavy pieces.The weakness on e6
is not felt.Position is equal,black is trying to get some winning chances due
to his d-P,but white pieces placed good enough and in the near future the a-P
will step ahead.} Qf8 30. Rde1 Qf5 31. g4 {It seems like an unnessasary move,
but it might give white K some air(square g3)} Qg6 32. a4 bxa4 33. bxa4 h5 34.
h3 {Players made few moves and agreed for a draw.It is difficult for one of
the sides to break somewhere.} Rc2 35. a5 hxg4 36. hxg4 Rxe2+ 37. Rxe2 Rc6 38.
Qa4 Qd3 {[%cal Gc6c3,Gc3f3,Gc3a3]} 1/2-1/2

[Event "Boskovic Memorial"]
[Site "Belgrade"]
[Date "2000.10.08"]
[Round "5"]
[White "Beliavsky, Alexander G"]
[Black "Georgiev, Kiril"]
[Result "1-0"]
[WhiteElo "2654"]
[BlackElo "2661"]
[Annotator "Rabinovich,Al"]
[PlyCount "81"]
[EventDate "2000.10.03"]
[EventType "tourn"]
[EventRounds "9"]
[EventCountry "YUG"]
[EventCategory "14"]
[SourceTitle "CBM 080"]
[Source "ChessBase"]
[SourceDate "2001.01.25"]
[SourceVersion "1"]
[SourceVersionDate "2001.01.25"]
[SourceQuality "1"]

1. d4 Nf6 2. c4 e6 3. Nf3 b6 4. g3 Ba6 5. b3 (5. Qb3 Nc6 6. Bd2 Bb7 7. Bc3 Ne4
8. a3 Nxc3 9. Qxc3 Be7 10. Qd3 d5 11. cxd5 Qxd5 $132 {0-1 Timman,J-Polgar,J/
Malmoe SWE 2000/The Week in Chess 290 (40)}) (5. Nbd2 Bb4 6. Qc2 Bb7 7. Bg2 Be4
8. Qd1 Bxd2+ 9. Qxd2 O-O 10. O-O a5 11. b3 a4 12. Ba3 d6 13. Rfd1 Nbd7 $11 {
0-1 Topalov,V-Adams,M/Dortmund 1999/CBM 72 (49)}) 5... Bb4+ 6. Bd2 Be7 7. Bg2
c6 8. Bc3 d5 9. Ne5 (9. Nbd2 Nbd7 10. O-O O-O 11. Re1 Bb7 12. Rc1 c5 13. Bb2
Rc8 14. cxd5 exd5 15. Rc2 Re8 16. Bh3 Rc7 17. Nf1 c4 $15 {0-1 Karpov,A-Anand,V/
Warsaw POL 2000/The Week in Chess 271 (43)}) 9... Bb7 (9... Nfd7 10. Nxd7 Nxd7
11. Nd2 O-O 12. O-O Nf6 13. e4 b5 14. Re1 dxe4 15. Qc2 Rc8 16. Rad1 Nd5 17. Bb2
(17. Bxe4 Nxc3 18. Qxc3 Bf6 19. Qc2 g6 20. Nf3 bxc4 21. bxc4 Qa5 $11 {1/2-1/2
Izoria,Z-Gershon,A/Yerevan ARM 2000/The Week in Chess 308 (28)}) 17... f5 18.
cxd5 cxd5 $44 {1/2-1/2 Karpov,A-Polgar,J/Buenos Aires ARG 2000/The Week in
Chess 307 (40)}) 10. Nd2 Na6 $6 $146 {Not the strongest move.Better was to
place the N on d7.} 11. a3 {[%cal Gb3b4] White wants to prevent c5 by playing
next move b4.} c5 12. b4 O-O (12... cxd4 13. Bxd4 $14) 13. dxc5 bxc5 14. b5 {
White got very promising position from the opening.Possibility of a4-a5-a6 and
weak squares on black queenside let white to enjoy of stayble advantage.} Nc7
15. Nb3 $1 $16 {[%cal Gb3a5,Ga5c6]} (15. O-O $6 Rb8 {[%cal Gd5d4] Give black
some chances to complicate the position.}) 15... Nd7 (15... Qc8 16. Na5 Ne4 {
[%cal Ge7f6,Ge4c3]} 17. Bxe4 dxe4 18. Nec6 Bxc6 19. Nxc6 Re8 20. Qd2 $16 {
[%cal Gd2f4]}) 16. Na5 Nxe5 $8 17. Nxb7 Qc8 (17... Qb8) 18. Bxe5 Qxb7 19. O-O
$36 {[%csl Ge5,Gg2]} Rad8 20. a4 a5 $2 {This move makes white's life easier.
The P on a5 is very weak and difficult to defend.Black's position crushes very
fast.} (20... Bd6 $142 21. Bb2) 21. Qd2 {[%cal Gd2a5]} Qb6 (21... Qa7 22. Bc3
$6 (22. Bxc7 Qxc7 23. cxd5 exd5 24. Bxd5 $16 {[%cal Ge2e4]}) 22... dxc4 23. Qe1
Nd5 24. Bxa5 Rd7 {[%cal Ge7f6,Gd5b4] Black gets countergame.}) 22. Bc3 {
[%cal Gc3a5]} dxc4 (22... Ra8 23. cxd5 Nxd5 24. Bxd5 exd5 25. Qxd5 $18) 23. Qe1
Nd5 {Losses by force.} (23... Rd7 24. Bxa5 Qb8 25. Rc1 $18) 24. Bxa5 Qa7 25.
Bxd8 Rxd8 26. Qc1 Qa5 (26... Bf6 27. Ra3 c3 28. a5 $18) 27. Qxc4 Nb6 28. Qe4 {
[%cal Ge4b7,Gb7a6]} c4 (28... Rd4 29. Qb7 $18 {[%cal Gb7e7,Gb7a6]}) 29. Qb7 Rd7
30. Qa6 Ra7 $8 31. Qxa5 Rxa5 32. Rfd1 Kf8 33. Ra2 {The last moves don't change
anything,white wins easily.} g6 34. e3 c3 35. Be4 Bc5 36. Bc2 Nd5 37. Bb3 Nb4
38. Raa1 Be7 39. Rd4 Ra8 40. Rc1 c2 41. Rc4 1-0